Drug trafficking and drug abuse / (Record no. 3320)

000 -LEADER
fixed length control field 00403nam a22001337a 4500
008 - FIXED-LENGTH DATA ELEMENTS--GENERAL INFORMATION
fixed length control field 200608b ||||| |||| 00| 0 eng d
082 00 - DEWEY DECIMAL CLASSIFICATION NUMBER
Classification number 363.450973
Item number I5948
110 ## - MAIN ENTRY--CORPORATE NAME
9 (RLIN) 2796
Corporate name or jurisdiction name as entry element Institute of Chartered Shipbrokers
245 10 - TITLE STATEMENT
Title Drug trafficking and drug abuse /
260 ## - PUBLICATION, DISTRIBUTION, ETC. (IMPRINT)
Place of publication, distribution, etc London:
Name of publisher, distributor, etc Institute of Chartered Shipbrokers,
Date of publication, distribution, etc 2010
300 ## - PHYSICAL DESCRIPTION
Extent x
650 #0 - SUBJECT ADDED ENTRY--TOPICAL TERM
Topical term or geographic name as entry element Drug Trafficking - Control
942 ## - ADDED ENTRY ELEMENTS (KOHA)
Item type Books
Holdings
Withdrawn status Lost status Source of classification or shelving scheme Damaged status Not for loan Permanent location Current location Date acquired Source of acquisition Cost, normal purchase price Full call number Barcode Date last seen Cost, replacement price Koha item type
          IMU Kolkata IMU Kolkata 2011-11-25 Shroff Publishers and Distributors 1735.13 363.450973 I5948 11431 2020-06-08 1735.13 Books
Designed and Maintained by IMU-KC Library, Kolkata Campus © Copyright All Rights Reserved

webs counters

Powered by Koha